| 000 | 00491nam a22001577a 4500 | ||
|---|---|---|---|
| 005 | 20170811111209.0 | ||
| 008 | 170811b xxu||||| |||| 00| 0 eng d | ||
| 020 | _a978-81-85240-75-6 | ||
| 041 | _aeng | ||
| 100 |
_aVERSHNEY, R.S., GUPTA, S.C. AND GUPTA, R.L. _93891 |
||
| 245 |
_aTHEORY AND DESIGN OF IRRIGATION STRUCTURES (VOL-II) _cR.S. VERSHNEY, S.C. GUPTA AND R.L. GUPTA |
||
| 250 | _a7th ed.2007 | ||
| 260 |
_a(U.A) _bNEM CHAND AND BROS ROORKEE _c2007 |
||
| 300 | _a784p, | ||
| 942 | _cBK | ||
| 999 |
_c5524 _d5522 |
||